00511 2200181 4500245005400000020002200054250001100076100001200087700001400099650001700113005001900130260002800149041001400177084000800191300002300199500009800222336000900320 aBetween Me and Your Horse of SteelcSianidahText a978-602-255-623-7 aCet. 1 aSianida aAvifah Ve aNovel Remaja a20231006135718 aYogyakartabSenjac2015 aIndonesia a813 a224 hlm. :c19 cm. arena adalah seorang penulis yang selama ini menyembunyikan sosoknya dibalik nama pena cyanite atext